000
00342pab a2200145 454500
008
180718b1985 xxu||||| |||| 00| 0 eng d
100
_a
Varshney, C.K.
245
_a
Concept and precept of biosphere stability
260
_c
1985
300
_a
265
362
_a
July-Sept.
650
_a
Environment
773
_a
Administrator
909
_a
7709
999
_c
7709
_d
7709